[Event "Mechanics' Summer TNM; 30/90, SD/30"]
[Site "San Francisco"]
[Date "2010.06.22"]
[Round "5.9"]
[White "Manvelyan, Hovik"]
[Black "Panchanatham, Vignesh"]
[Result "1-0"]
[WhiteElo "2008"]
[BlackElo "1869"]
[PlyCount "121"]
[EventDate "2010.??.??"]

1. Nf3 Nf6 2. b3 g6 3. Bb2 Bg7 4. e3 O-O 5. Be2 Nc6 6. d4 d5 7. Nbd2 Bf5 8. Nh4
Qd7 9. Nxf5 Qxf5 10. a3 Ne4 11. f3 Nxd2 12. Qxd2 e5 13. g4 Qf6 14. dxe5 Nxe5
15. O-O-O Qb6 16. Qc3 Qc6 17. f4 Qxc3 18. Bxc3 Nd7 19. Bxg7 Kxg7 20. Rxd5 Nb6
21. Rd3 Rfe8 22. Bf3 c6 23. c4 Re7 24. Rhd1 a5 25. e4 a4 26. c5 Nc8 27. b4 Na7
28. g5 Nb5 29. Kd2 Nc7 30. Ke3 Nd5+ 31. Kf2 Nxf4 32. Rd7 Rae8 33. h4 h6 34.
gxh6+ Kxh6 35. Rd8 Rxd8 36. Rxd8 Ne6 37. Rh8+ Kg7 38. Ra8 Nd4 39. Rxa4 Nxf3 40.
Kxf3 Rd7 41. Ra7 Kf6 42. Kf4 Ke6 43. a4 f5 44. a5 Rd4 45. Rxb7 Rxe4+ 46. Kg3
Rg4+ 47. Kh3 Rg1 48. a6 Ra1 49. a7 Kd5 50. Kg3 Ke4 51. Re7+ Kd5 52. Kf4 Kc4 53.
Rb7 Kd4 54. Kg5 Ke3 55. Re7+ Kf2 56. Kxg6 f4 57. h5 f3 58. h6 Kg2 59. h7 f2 60.
Rf7 Rxa7 61. Rxf2+ 1-0

[Event "Mechanics' Summer TNM; 30/90, SD/30"]
[Site "San Francisco"]
[Date "2010.06.15"]
[Round "4.2"]
[White "Manvelyan, Hovik"]
[Black "Shakhnazarov, Oleg"]
[Result "0-1"]
[WhiteElo "2008"]
[BlackElo "2215"]
[PlyCount "50"]
[EventDate "2010.??.??"]

1. Nf3 Nf6 2. b3 d6 3. e3 g6 4. Bb2 Bg7 5. Bb5+ c6 6. Bc4 e5 7. b4 O-O 8. d3
Re8 9. Nbd2 Nbd7 10. h3 d5 11. Bb3 a5 12. a3 b6 13. O-O a4 14. Ba2 c5 15. c4 d4
16. e4 Nh5 17. Re1 Nf4 18. Nf1 Nf6 19. Bc1 N6h5 20. g4 Nxh3+ 21. Kg2 Bxg4 22.
N1h2 N3f4+ 23. Bxf4 Nxf4+ 24. Kg3 Bh5 25. b5 Qd7 0-1

[Event "Mechanics' Summer TNM; 30/90, SD/30"]
[Site "San Francisco"]
[Date "2010.07.13"]
[Round "8.5"]
[White "Manvelyan, Hovik"]
[Black "Viswanadha, Kesav"]
[Result "1-0"]
[WhiteElo "2008"]
[BlackElo "1904"]
[PlyCount "79"]
[EventDate "2010.??.??"]

1. d4 Nf6 2. c4 c5 3. d5 e6 4. Nc3 exd5 5. cxd5 d6 6. Nf3 g6 7. Nd2 Bg7 8. Nc4
O-O 9. Bg5 h6 10. Bf4 Ne8 11. Qd2 Kh7 12. e3 Bxc3 13. bxc3 b5 14. Nb2 Nc7 15.
Be2 a5 16. h4 f5 17. e4 h5 18. Bg5 Qe8 19. exf5 Bxf5 20. O-O Qd7 21. Rae1 Rf7
22. Bf3 Bg4 23. Bxg4 Qxg4 24. Nd3 Nba6 25. Nf4 Qd7 26. Qd3 Qf5 27. Qxf5 gxf5
28. Re7 Raf8 29. Ne6 Nxe6 30. Rxe6 Rd7 31. Rfe1 Rff7 32. Rh6+ Kg7 33. Ree6 Rf8
34. Rxh5 Kg8 35. Rhh6 Nc7 36. Rxd6 Rxd6 37. Rxd6 c4 38. Rg6+ Kh7 39. Rh6+ Kg8
40. d6 1-0

[Event "Mechanics' Summer TNM; 30/90, SD/30"]
[Site "San Francisco"]
[Date "2010.07.06"]
[Round "7.5"]
[White "Manvelyan, Hovik"]
[Black "Wheeler, Cameron"]
[Result "1/2-1/2"]
[WhiteElo "2008"]
[BlackElo "1850"]
[PlyCount "89"]
[EventDate "2010.??.??"]

1. Nf3 Nf6 2. b3 d5 3. Bb2 Bg4 4. e3 e6 5. Be2 Nbd7 6. d3 c5 7. O-O Bd6 8. d4
O-O 9. Nbd2 Rc8 10. c4 cxd4 11. Nxd4 Bxe2 12. Qxe2 a6 13. cxd5 Nxd5 14. Nc4 Be7
15. Rfd1 b5 16. Nd2 Nc3 17. Bxc3 Rxc3 18. Ne4 Rc7 19. Rac1 Qc8 20. Rxc7 Qxc7
21. Qd2 Nf6 22. Nxf6+ Bxf6 23. Rc1 Qd7 24. Nf3 Qxd2 25. Nxd2 Rd8 26. Nf3 Bb2
27. Rb1 Bc3 28. Kf1 b4 29. Ke2 Kf8 30. Rd1 Rxd1 31. Kxd1 Ke7 32. Kc2 h6 33. Kd3
Kd6 34. Kc4 e5 35. e4 g5 36. h3 Kc6 37. a3 a5 38. a4 f6 39. g4 Bb2 40. Nh2 Bd4
41. f3 Be3 42. Kd3 Bf4 43. Nf1 Kc5 44. Ne3 Bxe3 45. Kxe3 1/2-1/2

[Event "Mechanics' Summer TNM; 30/90, SD/30"]
[Site "San Francisco"]
[Date "2010.05.25"]
[Round "2"]
[White "Manvelyan, Hovik"]
[Black "Woebcke, Carl"]
[Result "1/2-1/2"]
[WhiteElo "2008"]
[BlackElo "1654"]
[PlyCount "82"]
[EventDate "2010.??.??"]

1. e4 c5 2. Nc3 Nc6 3. g3 g6 4. Bg2 Bg7 5. d3 d6 6. f4 e6 7. Nf3 Nge7 8. O-O
O-O 9. Rb1 Rb8 10. a3 b5 11. Bd2 a5 12. a4 b4 13. Nb5 Ba6 14. c4 bxc3 15. bxc3
Qd7 16. Qc2 Na7 17. Nxa7 Qxa7 18. e5 Rfd8 19. Rxb8 Qxb8 20. Rb1 Qa7 21. c4 Nc6
22. exd6 Rxd6 23. Rb3 Nb4 24. Qb1 Qd7 25. Ne5 Bxe5 26. fxe5 Rxd3 27. Rxd3 Qxd3
28. Qxd3 Nxd3 29. Bxa5 Nxe5 30. Bc7 Nxc4 31. Bf1 Kf8 32. Bxc4 Bxc4 33. Bd6+ Ke8
34. Bxc5 Kd7 35. Kf2 Kc6 36. Bb4 h5 37. Ke3 Kd5 38. Bc3 e5 39. h4 f5 40. a5 Ba6
41. Bb2 Bb5 1/2-1/2

[Event "Mechanics' Summer TNM; 30/90, SD/30"]
[Site "San Francisco"]
[Date "2010.07.13"]
[Round "8.16"]
[White "Mar, Henry"]
[Black "Chadwick, Richard"]
[Result "1/2-1/2"]
[WhiteElo "1632"]
[BlackElo "1719"]
[PlyCount "110"]
[EventDate "2010.??.??"]

1. e4 c5 2. Nf3 d6 3. d3 g6 4. g3 Bg7 5. Bg2 Nc6 6. O-O e6 7. Re1 Nge7 8. Nbd2
O-O 9. Nf1 b5 10. h4 e5 11. Bg5 f6 12. Bd2 Bg4 13. Qc1 h5 14. Ne3 Be6 15. c3
Rb8 16. Nf1 Qd7 17. Ne3 b4 18. c4 Nd4 19. Nxd4 cxd4 20. Nd5 Nxd5 21. cxd5 Bg4
22. f3 Rfc8 23. Qd1 Bh3 24. Rc1 Bxg2 25. Kxg2 a5 26. Rc4 Rc5 27. b3 Rbc8 28.
Rf1 f5 29. Bg5 Rf8 30. Qd2 fxe4 31. dxe4 Rfc8 32. Rfc1 R8c7 33. R1c2 Qc8 34.
Qe2 Kh7 35. Qd3 Bf8 36. f4 Rf7 37. f5 gxf5 38. exf5 Qxf5 39. Qxf5+ Rxf5 40. Rf2
Rxf2+ 41. Kxf2 Kg6 42. Rxc5 dxc5 43. Bd8 Bd6 44. Bxa5 Kf5 45. Bd8 e4 46. Bg5
Kg4 47. Bf4 Bxf4 48. gxf4 Kf5 49. Ke2 Kf6 50. Kd2 e3+ 51. Kd3 Kf5 52. Ke2 Kf6
53. Kd3 Kf5 54. Ke2 Kf6 55. Kd3 Kf5 1/2-1/2

[Event "Mechanics' Summer TNM; 30/90, SD/30"]
[Site "San Francisco"]
[Date "2010.06.29"]
[Round "6.17"]
[White "Mar, Henry"]
[Black "Leavens, Weston"]
[Result "1-0"]
[WhiteElo "1632"]
[BlackElo "1806"]
[PlyCount "57"]
[EventDate "2010.??.??"]

1. e4 e6 2. Nf3 c5 3. d4 cxd4 4. Nxd4 d5 5. exd5 exd5 6. Nc3 Nf6 7. Be2 Be7 8.
Bg5 O-O 9. O-O Nc6 10. Bf3 Be6 11. Re1 Qd7 12. Nxe6 fxe6 13. Bxf6 Bxf6 14. Bg4
Rae8 15. Ne4 Bd4 16. c3 Bb6 17. Re2 h6 18. b4 Rf7 19. Bh5 dxe4 20. Qxd7 Rxd7
21. Bxe8 Rd3 22. Bxc6 bxc6 23. Rc1 e3 24. f3 Rd2 25. Kf1 Kf7 26. Ke1 Rd3 27.
Rec2 Kf6 28. Ke2 Rd6 29. Rd1 1-0

[Event "Mechanics' Summer TNM; 30/90, SD/30"]
[Site "San Francisco"]
[Date "2010.06.08"]
[Round "3.25"]
[White "Mar, Henry"]
[Black "Rakonitz, David"]
[Result "1-0"]
[WhiteElo "1632"]
[BlackElo "1374"]
[PlyCount "101"]
[EventDate "2010.??.??"]

1. e4 e6 2. Nf3 d5 3. e5 c5 4. c3 Qb6 5. d3 Nc6 6. a3 a5 7. Be2 Be7 8. O-O Bd7
9. Nbd2 Qc7 10. d4 cxd4 11. cxd4 Qb6 12. Nb1 Nh6 13. b3 Nf5 14. Bb2 O-O 15. h3
Rac8 16. Bd3 Kh8 17. Bxf5 exf5 18. Nc3 Be6 19. Na4 Qa7 20. Rc1 Rc7 21. Nc5 Rfc8
22. Qd2 b6 23. Nxe6 fxe6 24. Ng5 Nd8 25. Rxc7 Qxc7 26. Rc1 Qd7 27. Rxc8 Qxc8
28. Qc1 Qxc1+ 29. Bxc1 Kg8 30. Kf1 b5 31. Ke2 h6 32. Nf3 Kf7 33. a4 bxa4 34.
bxa4 Nc6 35. Bd2 Ke8 36. Kd3 Kd7 37. Ne1 Nb4+ 38. Bxb4 Bxb4 39. Nc2 Be7 40. Kc3
Kc6 41. Kb3 Kb6 42. Ne1 Bg5 43. Nd3 Kc6 44. Nc5 Bd2 45. Nxe6 g6 46. Nf8 Bb4 47.
Nxg6 Kd7 48. Nf4 Kc6 49. Kc2 Be1 50. f3 Kd7 51. Nxd5 1-0

[Event "Mechanics' Summer TNM; 30/90, SD/30"]
[Site "San Francisco"]
[Date "2010.05.25"]
[Round "2.10"]
[White "Mar, Henry"]
[Black "Sanguinetti, George"]
[Result "0-1"]
[WhiteElo "1632"]
[BlackElo "1959"]
[PlyCount "104"]
[EventDate "2010.??.??"]

1. e4 d6 2. d4 Nf6 3. Nc3 g6 4. Bg5 Bg7 5. Bd3 Nbd7 6. Nf3 O-O 7. O-O c5 8. e5
dxe5 9. dxe5 Ng4 10. Nd5 Re8 11. Nxe7+ Rxe7 12. Bxe7 Qxe7 13. e6 fxe6 14. Bc4
Nb6 15. Qe2 Bd7 16. Rfe1 Re8 17. c3 Kh8 18. h3 Nh6 19. Rad1 Nxc4 20. Qxc4 Nf7
21. Qd3 Bc6 22. Rd2 Qf6 23. Rde2 e5 24. Nd2 Nd6 25. Nc4 Qg5 26. f3 Nxc4 27.
Qxc4 e4 28. fxe4 Be5 29. Qd3 Qf4 30. g3 Qxg3+ 31. Qxg3 Bxg3 32. Rd1 Rxe4 33.
Rd8+ Kg7 34. Rxe4 Bxe4 35. Rd7+ Kh6 36. Re7 Bc6 37. Re3 Bc7 38. c4 Bd8 39. Re6
Kg5 40. b3 Kf5 41. Re2 Bg5 42. Kf2 Be4 43. Kg3 Bf4+ 44. Kf2 g5 45. Kg1 h5 46.
Rf2 Ke5 47. Re2 g4 48. hxg4 hxg4 49. Kf2 g3+ 50. Kg1 Kd4 51. Rb2 Be3+ 52. Kf1
g2+ 0-1

[Event "Mechanics' Summer TNM; 30/90, SD/30"]
[Site "San Francisco"]
[Date "2010.07.13"]
[Round "8.17"]
[White "Miller, David"]
[Black "Bertot, German"]
[Result "1-0"]
[WhiteElo "1809"]
[BlackElo "1554"]
[PlyCount "81"]
[EventDate "2010.??.??"]

1. d4 Nf6 2. Nf3 e6 3. Bg5 d5 4. Nbd2 Be7 5. e3 Nbd7 6. Bd3 c5 7. c3 c4 8. Bc2
b5 9. Qe2 Bb7 10. O-O O-O 11. Ne5 Ne4 12. Bxe7 Qxe7 13. f4 Ndf6 14. Rf3 Nxd2
15. Qxd2 Ne4 16. Bxe4 dxe4 17. Rh3 f6 18. Ng4 Qd7 19. Qe2 Bc8 20. Nf2 Bb7 21.
Qh5 g6 22. Qe2 Rae8 23. g4 e5 24. fxe5 fxe5 25. Rd1 exd4 26. Rxd4 Qe6 27. Rg3
Rf3 28. Nxe4 Bxe4 29. Rxf3 Qxg4+ 30. Kf2 Qxf3+ 31. Qxf3 Bxf3 32. Kxf3 Kf7 33.
Kf4 Kf6 34. Rd6+ Ke7 35. Ra6 Rf8+ 36. Kg3 Ra8 37. a4 bxa4 38. Rxa4 Kf6 39. Rxc4
Re8 40. Kf3 Re6 41. Rc7 {remainder illegible. W won in about 20 more moves.}
1-0

[Event "Mechanics' Summer TNM; 30/90, SD/30"]
[Site "San Francisco"]
[Date "2010.05.25"]
[Round "2"]
[White "Miller, David"]
[Black "Fleming, Mark"]
[Result "1-0"]
[WhiteElo "1809"]
[BlackElo "1416"]
[PlyCount "85"]
[EventDate "2010.??.??"]

1. d4 d5 2. Nf3 Nf6 3. e3 Nc6 4. c4 e6 5. Nc3 Bb4 6. Bd2 O-O 7. a3 Bxc3 8. Bxc3
Ne4 9. Qc2 Nxc3 10. Qxc3 Re8 11. b4 b6 12. b5 Na5 13. c5 Bd7 14. c6 Bc8 15. Bd3
e5 16. Nxe5 f6 17. Nf3 Bg4 18. Qc2 h6 19. Bh7+ Kh8 20. Nd2 Qc8 21. h3 Be6 22.
Bg6 Re7 23. O-O Bf7 24. Bd3 Qe6 25. Bf5 Qd6 26. Rfe1 Nc4 27. Nxc4 dxc4 28. Bg4
g6 29. Qc3 f5 30. Be2 Rae8 31. Bxc4 Bxc4 32. Qxc4 f4 33. Qd3 fxe3 34. fxe3 Qg3
35. Qf1 Rxe3 36. Qf6+ Kg8 37. Rf1 Re2 38. Qf7+ Kh8 39. Rf2 Re1+ 40. Rxe1 Rxe1+
41. Rf1 Qe3+ 42. Qf2 Qc1 43. Rxe1 1-0

[Event "Mechanics' Summer TNM; 30/90, SD/30"]
[Site "San Francisco"]
[Date "2010.06.08"]
[Round "3.24"]
[White "Montoya, Daniel"]
[Black "Chadwick, Richard"]
[Result "1-0"]
[WhiteElo "1374"]
[BlackElo "1719"]
[PlyCount "41"]
[EventDate "2010.??.??"]

1. d4 c5 2. e4 cxd4 3. c3 dxc3 4. Nxc3 g6 5. Qd4 Nf6 6. e5 Nc6 7. Qf4 Nh5 8.
Qe4 f5 9. exf6 Nxf6 10. Qh4 Bg7 11. Bc4 d5 12. Bb3 O-O 13. Nf3 Bf5 14. O-O e6
15. Bf4 a6 16. Be3 Qe7 17. Rfe1 Nd7 18. Qg3 Kh8 19. Bf4 Rfe8 20. Nxd5 Qd8 21.
Nc7 1-0

[Event "Mechanics' Summer TNM; 30/90, SD/30"]
[Site "San Francisco"]
[Date "2010.06.29"]
[Round "6.24"]
[White "Montoya, Daniel"]
[Black "Litowsky, Daniel"]
[Result "1-0"]
[WhiteElo "1374"]
[BlackElo "1707"]
[PlyCount "59"]
[EventDate "2010.??.??"]

1. e4 e5 2. Nf3 Nc6 3. d4 exd4 4. Nxd4 Bc5 5. Nxc6 bxc6 6. Bd3 d6 7. Nc3 a6 8.
O-O h6 9. Qf3 Nf6 10. Be3 Ba7 11. Bxa7 Rxa7 12. e5 Nd7 13. exd6 cxd6 14. Rfe1+
Ne5 15. Qxc6+ Rd7 16. Bf5 O-O 17. Rxe5 dxe5 18. Bxd7 Qxd7 19. Qxd7 Bxd7 20. Rd1
Bf5 21. Re1 f6 22. Ne4 Rc8 23. c3 Rb8 24. b3 Rd8 25. Kf1 Kf7 26. f3 Rd3 27. c4
g5 28. Ke2 Rd4 29. Rd1 Rxd1 30. Kxd1 1-0

[Event "Mechanics' Summer TNM; 30/90, SD/30"]
[Site "San Francisco"]
[Date "2010.07.13"]
[Round "8.18"]
[White "Montoya, Daniel"]
[Black "Newey, Richard"]
[Result "0-1"]
[WhiteElo "1374"]
[BlackElo "1752"]
[PlyCount "72"]
[EventDate "2010.??.??"]

1. e4 c6 2. d4 d5 3. f3 e6 4. Nc3 c5 5. Be3 Nc6 6. Bb5 dxe4 7. fxe4 cxd4 8.
Bxd4 Bd7 9. Be3 Bb4 10. Nf3 Nf6 11. O-O Bxc3 12. bxc3 Nxe4 13. Qd3 Qa5 14. Qxe4
Qxb5 15. Ng5 Qe5 16. Qf3 f6 17. Bf4 Qf5 18. Ne4 O-O 19. Nd6 Qc5+ 20. Kh1 Na5
21. Qg3 Kh8 22. Rab1 b6 23. Ne4 Qc6 24. Rbe1 e5 25. Bc1 Nc4 26. Qf2 Rad8 27.
Ng3 Be6 28. Nf5 Rd7 29. Qh4 Bxf5 30. Rxf5 Rfd8 31. Rff1 Rd5 32. Qg4 b5 33. h3
Qd6 34. Kh2 Nd2 35. Bxd2 Rxd2 36. Qe4 Qc5 0-1

[Event "Mechanics' Summer TNM; 30/90, SD/30"]
[Site "San Francisco"]
[Date "2010.06.15"]
[Round "4.22"]
[White "Morgan, Jerry"]
[Black "Krawczyk, Steven"]
[Result "1-0"]
[WhiteElo "1511"]
[BlackElo "1089"]
[PlyCount "55"]
[EventDate "2010.??.??"]

1. f4 e5 2. fxe5 d6 3. exd6 Bxd6 4. Nf3 g5 5. g3 h5 6. d4 g4 7. Nh4 Nc6 8. c3
Qe7 9. Qd3 Bd7 10. Nf5 Qf6 11. Nxd6+ cxd6 12. Bg2 h4 13. Rf1 Qg7 14. Bf4 O-O-O
15. Nd2 Rh5 16. Nc4 Kb8 17. Nxd6 Ka8 18. Nb5 a6 19. Nd6 Nge7 20. e4 Ng6 21.
O-O-O Ra5 22. Qc4 Nge7 23. Nxf7 Rc8 24. Nd6 b5 25. Qf7 Qxf7 26. Nxf7 h3 27. Bh1
Rxa2 28. Kb1 1-0

[Event "Mechanics' Summer TNM; 30/90, SD/30"]
[Site "San Francisco"]
[Date "2010.06.01"]
[Round "2.17"]
[White "Morgan, Jerry"]
[Black "Standen, Julian"]
[Result "0-1"]
[WhiteElo "1511"]
[BlackElo "1720"]
[PlyCount "100"]
[EventDate "2010.??.??"]

1. f4 d5 2. Nf3 Nf6 3. e3 Bg4 4. h3 Bxf3 5. Qxf3 e6 6. d3 Bc5 7. g4 c6 8. g5
Nfd7 9. e4 dxe4 10. dxe4 Qb6 11. Nd2 Na6 12. c3 Be7 13. Nb3 Qc7 14. Be3 Nac5
15. Nd4 Na4 16. Rh2 Bxg5 17. Rg2 Bh4+ 18. Kd1 g6 19. Bc4 Nf8 20. Kc2 Nb6 21.
Bb3 O-O-O 22. Qg4 Qe7 23. a4 h5 24. Qf3 Bf6 25. a5 Nbd7 26. a6 Nb6 27. axb7+
Qxb7 28. e5 Be7 29. Qxc6+ Qxc6 30. Nxc6 Rd7 31. Nxa7+ Kb7 32. Nb5 Nd5 33. Bxd5+
exd5 34. Rd2 Ne6 35. Ra7+ Kc6 36. Rxd7 Kxd7 37. Rxd5+ Kc6 38. c4 Rb8 39. Kc3 f6
40. b4 fxe5 41. Rxe5 Bf6 42. Nd4+ Nxd4 43. Rc5+ Kd6 44. Rd5+ Kc6 45. Bxd4 Bh4
46. b5+ Kb7 47. Rd7+ Kc8 48. Rh7 Ra8 49. Rh8+ Kb7 50. Rxa8 Kxa8 {Both players
quit keeping score in this position which is completely winning for White.
Black later won in mutual time pressure.} 0-1

[Event "Mechanics' Summer TNM; 30/90, SD/30"]
[Site "San Francisco"]
[Date "2010.06.08"]
[Round "3.8"]
[White "Newey, Richard"]
[Black "Gaffagan, Steven"]
[Result "0-1"]
[WhiteElo "1752"]
[BlackElo "2024"]
[PlyCount "120"]
[EventDate "2010.??.??"]

1. e4 c5 2. Nf3 e6 3. c4 Nc6 4. Be2 a6 5. b3 Nf6 6. Nc3 d6 7. Bb2 Be7 8. O-O
O-O 9. Re1 b6 10. d4 cxd4 11. Nxd4 Bb7 12. Bf3 Ne5 13. Qc2 Nxf3+ 14. Nxf3 Rc8
15. a4 Qc7 16. Qe2 Nd7 17. Nd2 Bf6 18. Qe3 Rfe8 19. Kh1 Qb8 20. Nd1 Bxb2 21.
Nxb2 Re7 22. Qg5 Nf6 23. Qf4 Rf8 24. Rad1 Qc7 25. Nd3 Ne8 26. Rc1 f5 27. e5 g5
28. exd6 Nxd6 29. Qe5 Qc6 30. f3 Nf7 31. Qe3 Rd8 32. c5 Qd5 33. c6 Qxd3 34.
Qxd3 Rxd3 35. cxb7 Rxb7 36. Nc4 Rxb3 37. Rxe6 Rc7 38. Ree1 b5 39. axb5 axb5 40.
Na5 Re3 41. Rcd1 Rxe1+ 42. Rxe1 Nd6 43. Kg1 Kf7 44. Nb3 Rc2 45. Nd4 Rd2 46. Nb3
Rb2 47. Nd4 f4 48. Re5 Rb1+ 49. Kf2 Rb2+ 50. Kf1 Nc4 51. Rxg5 Ne3+ 52. Ke1
Nxg2+ 53. Kf1 Ne3+ 54. Ke1 b4 55. h4 h6 56. Rb5 Ng2+ 57. Kd1 Nxh4 58. Kc1 Rf2
59. Rxb4 Nxf3 60. Nf5 Ne5 0-1

[Event "Mechanics' Summer TNM; 30/90, SD/30"]
[Site "San Francisco"]
[Date "2010.06.29"]
[Round "6.20"]
[White "Newey, Richard"]
[Black "Hilliard, Michael"]
[Result "1/2-1/2"]
[WhiteElo "1752"]
[BlackElo "1422"]
[PlyCount "140"]
[EventDate "2010.??.??"]

1. e4 c6 2. d4 d5 3. e5 Bf5 4. a3 g6 5. Nf3 Bg7 6. c4 Nh6 7. Nc3 O-O 8. Qb3 Qb6
9. Qxb6 axb6 10. cxd5 c5 11. Bf4 Rd8 12. Bc4 cxd4 13. Nxd4 Nd7 14. Nf3 Nc5 15.
O-O Nd3 16. Bxd3 Bxd3 17. Rfe1 Bc4 18. Rad1 Ra5 19. d6 exd6 20. exd6 Be6 21.
Nd4 Bd7 22. h3 Rc5 23. Re7 Rc4 24. Nde2 Nf5 25. g4 Nd4 26. Nxd4 Rxd4 27. Be3
Rxd1+ 28. Nxd1 Bc6 29. d7 Rxd7 30. Re8+ Bf8 31. Nc3 Rd6 32. Rb8 Kg7 33. Bxb6
Rd2 34. b4 Rc2 35. Bd4+ f6 36. Kf1 Bf3 37. Bxf6+ Kf7 38. Ke1 Bd6 39. Rd8 Rc1+
40. Kd2 Bf4+ 41. Kd3 Kxf6 42. Rf8+ Kg5 43. Rf7 Ra1 44. Ne4+ Bxe4+ 45. Kxe4 Re1+
46. Kf3 Bc1 47. Rxh7 b6 48. h4+ Kf6 49. Rb7 Re6 50. a4 Ke5 51. a5 Rf6+ 52. Kg3
Bf4+ 53. Kg2 bxa5 54. bxa5 Ra6 55. Rb5+ Ke4 56. h5 gxh5 57. f3+ Kd3 58. Rxh5
Bd2 59. Rf5 Bxa5 60. g5 Bd2 61. Rf6 Rxf6 62. gxf6 Bh6 63. Kg3 Ke3 64. Kg4 Kd4
65. Kf5 Kd5 66. Kg6 Bf8 67. Kf5 Kd6 68. f4 Bh6 69. Kg6 Bf8 70. Kf7 Bh6 1/2-1/2

[Event "Mechanics' Summer TNM; 30/90, SD/30"]
[Site "San Francisco"]
[Date "2010.06.22"]
[Round "5.18"]
[White "Newey, Richard"]
[Black "Woebcke, Carl"]
[Result "0-1"]
[WhiteElo "1752"]
[BlackElo "1654"]
[PlyCount "82"]
[EventDate "2010.??.??"]

1. e4 c5 2. Nf3 d6 3. d4 cxd4 4. Nxd4 Nf6 5. Nc3 a6 6. Be2 e5 7. Nb3 Be7 8. a4
Be6 9. Be3 Nbd7 10. O-O b6 11. f4 Nc5 12. fxe5 dxe5 13. Qxd8+ Kxd8 14. Nxc5
Bxc5 15. Bxc5 bxc5 16. h3 Ke7 17. Rfd1 Rhd8 18. Rxd8 Kxd8 19. Rd1+ Ke7 20. Kf2
Rb8 21. b3 a5 22. g4 Rb4 23. Nd5+ Bxd5 24. exd5 Rd4 25. c4 Ne4+ 26. Ke3 Nc3 27.
Rxd4 exd4+ 28. Kd3 Nxe2 29. Kxe2 Kd6 30. Kf2 f6 31. Ke2 g6 32. Kf2 h6 33. h4 g5
34. hxg5 hxg5 35. Ke2 Ke5 36. Kf3 f5 37. gxf5 Kxf5 38. Kg3 d3 39. Kf3 g4+ 40.
Ke3 g3 41. d6 Ke6 0-1

[Event "Mechanics' Summer TNM; 30/90, SD/30"]
[Site "San Francisco"]
[Date "2010.06.15"]
[Round "4.8"]
[White "Ochoa, Jason"]
[Black "Dembling, Arthur"]
[Result "1-0"]
[WhiteElo "1900"]
[BlackElo "1785"]
[PlyCount "105"]
[EventDate "2010.??.??"]

1. c4 e5 2. Nc3 Bb4 3. Nd5 Be7 4. Nf3 Nc6 5. d3 d6 6. g3 Nf6 7. Nxe7 Qxe7 8.
Bg2 O-O 9. O-O Bd7 10. Bg5 h6 11. Bd2 Rfe8 12. Bc3 a5 13. Nd2 Nd8 14. Qb3 Ra7
15. Rac1 Bc6 16. e4 Ne6 17. Qd1 Nc5 18. Qe2 Na4 19. f4 Nxc3 20. Rxc3 exf4 21.
gxf4 Bd7 22. f5 Qe5 23. Nf3 Qc5+ 24. Qf2 Qxf2+ 25. Rxf2 Ng4 26. Rd2 Bc6 27. Bh3
Ne5 28. Nxe5 Rxe5 29. Rg2 Ra8 30. Rcc2 f6 31. Rg3 Rae8 32. Rcg2 R8e7 33. Rg6
Kh7 34. R6g3 b5 35. b3 a4 36. Bg4 Be8 37. Bf3 axb3 38. d4 bxa2 39. Rxa2 Rxe4
40. Bxe4 Rxe4 41. Rag2 Re7 42. cxb5 Bxb5 43. Rc2 c6 44. Rb2 Bc4 45. Kf2 Bd5 46.
Re3 Ra7 47. Re8 Ra4 48. Rbb8 Ra2+ 49. Ke3 Ra3+ 50. Kd2 Ra2+ 51. Kc1 Ra1+ 52.
Kb2 Ra2+ 53. Kb1 1-0

[Event "Mechanics' Summer TNM; 30/90, SD/30"]
[Site "San Francisco"]
[Date "2010.06.22"]
[Round "5.3"]
[White "Ochoa, Jason"]
[Black "Fuentes, Romulo"]
[Result "0-1"]
[WhiteElo "1900"]
[BlackElo "2237"]
[PlyCount "46"]
[EventDate "2010.??.??"]

1. c4 e5 2. Nc3 Nf6 3. e4 Bb4 4. Qc2 Nc6 5. Nf3 O-O 6. Be2 d6 7. Nd5 Bc5 8. a3
a5 9. d3 Ng4 10. O-O f5 11. h3 Nf6 12. Be3 f4 13. Bxc5 dxc5 14. Qc3 Nd4 15.
Nxd4 cxd4 16. Qb3 Nxd5 17. cxd5 f3 18. d6+ Kh8 19. dxc7 Qg5 20. Bxf3 Rxf3 21.
Qd5 Bxh3 22. Qd8+ Rxd8 23. cxd8=Q+ Qxd8 0-1

[Event "Mechanics' Summer TNM; 30/90, SD/30"]
[Site "San Francisco"]
[Date "2010.06.01"]
[Round "2.3"]
[White "Ochoa, Jason"]
[Black "Shakhnazarov, Oleg"]
[Result "0-1"]
[WhiteElo "1900"]
[BlackElo "2215"]
[PlyCount "54"]
[EventDate "2010.??.??"]

1. c4 Nf6 2. g3 g6 3. Bg2 Bg7 4. Nc3 d6 5. e3 O-O 6. Nge2 e5 7. O-O Nbd7 8. d3
c6 9. b3 Re8 10. Bb2 h5 11. h3 Nf8 12. d4 e4 13. d5 c5 14. Qc2 Bf5 15. Rad1
N8h7 16. h4 g5 17. hxg5 Nxg5 18. Nf4 Qd7 19. Nb1 Bg4 20. Rc1 Nf3+ 21. Kh1 Qf5
22. Nd2 Nxd2 23. Qxd2 h4 24. gxh4 Qh7 25. h5 Nxh5 26. Nxh5 Qxh5+ 27. Kg1 Bf3
0-1

[Event "Mechanics' Summer TNM; 30/90, SD/30"]
[Site "San Francisco"]
[Date "2010.06.15"]
[Round "4.23"]
[White "Olson, David"]
[Black "Barrow, Lyle"]
[Result "0-1"]
[WhiteElo "1400"]
[BlackElo "1500"]
[PlyCount "98"]
[EventDate "2010.??.??"]

1. d4 e6 2. c4 Nf6 3. Bg5 h6 4. Bh4 b6 5. Nc3 Bb7 6. e4 g5 7. Bg3 Nxe4 8. Nxe4
Bxe4 9. f3 Bb4+ 10. Kf2 Bb7 11. Ne2 f5 12. a3 Be7 13. Be5 Bf6 14. Ng3 Bxe5 15.
dxe5 h5 16. h3 Nc6 17. f4 gxf4 18. Nxh5 Qh4+ 19. g3 Qxh5 20. Qxh5+ Rxh5 21.
gxf4 Nxe5 22. Rg1 Nc6 23. Rg7 O-O-O 24. Rd1 Nb8 25. Rd3 Rhh8 26. Rdg3 Rdf8 27.
b4 Kd8 28. Ke3 e5 29. R3g5 exf4+ 30. Kxf4 Nc6 31. Bg2 Bc8 32. Rxf5 Rxf5+ 33.
Kxf5 Ne7+ 34. Kg5 Rg8 35. Rxg8+ Nxg8 36. Kg6 Ke7 37. h4 d6 38. h5 Be6 39. h6
Nxh6 40. Kxh6 Bxc4 41. Bc6 Ke6 42. Kg5 Ke5 43. Kg4 d5 44. Kf3 d4 45. Kf2 Bd5
46. Bb5 c6 47. Bd3 c5 48. Ke2 c4 49. Bg6 Be4 0-1

[Event "Mechanics' Summer TNM; 30/90, SD/30"]
[Site "San Francisco"]
[Date "2010.06.29"]
[Round "6.21"]
[White "Olson, David"]
[Black "Bertot, German"]
[Result "0-1"]
[WhiteElo "1400"]
[BlackElo "1554"]
[PlyCount "90"]
[EventDate "2010.??.??"]

1. d4 Nf6 2. c4 e6 3. Nf3 d5 4. e3 Nbd7 5. c5 c6 6. Bd3 Qc7 7. O-O e5 8. dxe5
Nxe5 9. Nxe5 Qxe5 10. f4 Qc7 11. b4 Be7 12. Bb2 O-O 13. Nd2 Ng4 14. Qf3 f5 15.
Qg3 Bf6 16. Bd4 Qe7 17. h3 Bxd4 18. exd4 Nf6 19. Rae1 Ne4 20. Nxe4 fxe4 21. Bc2
Qf6 22. Rd1 Bf5 23. Qg5 Qxg5 24. fxg5 Rae8 25. Rde1 Bd7 26. Re3 Rxf1+ 27. Kxf1
Rf8+ 28. Ke2 Rf5 29. Rg3 Kf7 30. h4 Kg6 31. Re3 Rf4 32. g3 Bg4+ 33. Ke1 Rf7 34.
Rb3 a6 35. Re3 Bf3 36. Kf2 $4 Bd1+ 37. Kg2 Bxc2 38. a3 Bd1 39. Kg1 Kh5 40. Kg2
Kg4 41. Re1 Bc2 42. Re3 Bd3 43. Kg1 Rf3 44. Rxf3 Kxf3 45. Kh2 e3 0-1

[Event "Mechanics' Summer TNM; 30/90, SD/30"]
[Site "San Francisco"]
[Date "2010.05.25"]
[Round "2"]
[White "Olson, David"]
[Black "Leavens, Weston"]
[Result "0-1"]
[WhiteElo "1400"]
[BlackElo "1806"]
[PlyCount "108"]
[EventDate "2010.??.??"]

1. d4 f5 2. Nc3 Nf6 3. Nf3 g6 4. Bg5 Bg7 5. Qd2 h6 6. Bxf6 Bxf6 7. Ne5 Bxe5 8.
dxe5 Nc6 9. f4 d6 10. exd6 cxd6 11. O-O-O Be6 12. a3 O-O 13. e3 a6 14. h4 h5
15. Bd3 Qa5 16. Ne2 Qd5 17. Nc3 Qa5 18. Nb1 Qxd2+ 19. Nxd2 b5 20. c3 Bd5 21.
Rhg1 e5 22. e4 Be6 23. g3 Rac8 24. Bc2 d5 25. exd5 Bxd5 26. fxe5 Nxe5 27. Nb3
Rfd8 28. Nd4 Nf3 29. Nxf3 Bxf3 30. Rde1 Re8 31. Rxe8+ Rxe8 32. Rf1 Bd5 33. Rd1
Bc4 34. b3 Bf7 35. b4 Bc4 36. Rg1 Kf7 37. Rg2 Kf6 38. Kd2 Bd5 39. Rg1 Bc4 40.
Rg2 Rd8+ 41. Ke3 Re8+ 42. Kd4 Re5 43. a4 Rd5+ 44. Ke3 bxa4 45. Bxa4 Rd3+ 46.
Kf4 Bd5 47. Rf2 Rxc3 48. Bd1 Rc4+ 49. Ke3 Rxb4 50. Rd2 Re4+ 51. Kd3 Ke5 52. Rc2
Rd4+ 53. Ke2 Rxd1 54. Kxd1 Bb3 0-1